Statistics for Ravishing Rick Rude's career opponents

Click here to take the quiz!

General Stats

  • This quiz has been taken 75 times
    (15 since last reset)
  • The average score is 70 of 98

Answer Stats

Answer % Correct
Sting
100%
Ultimate Warrior
100%
Ric Flair
100%
"Macho Man" Randy Savage
100%
Tito Santana
100%
Ricky "The Dragon" Steamboat
100%
Hulk Hogan
100%
Davey Boy Smith
90%
Jake "The Snake" Roberts
90%
"Mr. Wonderful" Paul Orndorff
90%
Lance Von Erich
90%
Ron Simmons
90%
Mike Von Erich
90%
Dusty Rhodes
90%
Dustin Rhodes
90%
Jim Neidhart
90%
Nikita Koloff
90%
"Rowdy" Roddy Piper
90%
"Superfly" Jimmy Snuka
90%
Brian Blair
90%
Kerry Von Erich
90%
Kevin Von Erich
90%
Mike Graham
80%
Michael "P.S." Hayes
80%
Johnny B. Badd
80%
Masahiro Chono
80%
Junkyard Dog
80%
Austin Idol
80%
Wahoo McDaniel
80%
Hawk
80%
Paul Roma
80%
Terry Taylor
80%
Barry Windham
80%
Big Bossman
80%
Billy Jack Haynes
80%
Hercules
80%
Koko B. Ware
80%
Brutus Beefcake
80%
"Superstar" Billy Graham
80%
Don Muraco
80%
Rick Martel
80%
Sam Houston
70%
The Iron Sheik
70%
Marcus Alexander Bagwell
70%
Larry Zbyszko
70%
Tom Zenk
70%
Ronnie Garvin
70%
Mark Youngblood
70%
Abdullah the Butcher
70%
King Kong Bundy
70%
Ken Patera
70%
Kamala
70%
Big Josh
70%
Hector Guerrero
70%
Jimmy Valiant
70%
Jim Powers
70%
Jerry "The King" Lawler
70%
Jay Youngblood
70%
"Hacksaw" Jim Duggan
70%
Butch Reed
70%
Cactus Jack
70%
Hillbilly Jim
70%
Chris Adams
70%
Kensuke Sasaki
60%
Bugsy McGraw
60%
S.D. Jones
60%
Shinya Hashimoto
60%
Brickhouse Brown
60%
Rocky King
60%
Erik Watts
60%
Hiroshi Hase
60%
Paul Ellering
60%
P.N. News
60%
Jose Estrada
60%
Rip Rogers
50%
Bruiser Brody
50%
Van Hammer
50%
Baron Von Raschke
50%
Tony Garea
50%
Tommy Rich
50%
Jose Luis Rivera
50%
Brad Armstrong
50%
Tim Horner
50%
The Missing Link
50%
The Italian Stallion
50%
"Iceman" King Parsons
50%
Mr. Wrestling
50%
Robert Gibson
50%
Super Strong Machine
50%
Outback Jack
50%
Steve Simpson
50%
Steve Armstrong
50%
Sivi Afi
50%
Cpl. Kirchner
50%
Dutch Mantell
50%
Pez Whatley
50%
Ricky Morton
50%
Lanny Poffo
50%

Score Distribution

Percentile by Number Answered

Percent of People with Each Score

Your Score History

You have not taken this quiz since the last reset